[Event "II Magistral Copa Roggio C"]
[Site "?"]
[Date "2009.07.06"]
[Round "8"]
[White "Chaves, Nicolas"]
[Black "Benitez, Jose"]
[Result "1-0"]
[WhiteElo "1650"]
[BlackElo "1939"]
[PlyCount "81"]
[EventDate "2009.06.28"]
[SourceDate "2009.07.06"]

1. e4 e6 2. d4 d5 3. exd5 exd5 4. Bd3 Nf6 5. h3 Bd6 6. Qf3 O-O 7. Ne2 h6 8. Bf4
Re8 9. O-O c6 10. Nd2 Qc7 11. Rfe1 b6 12. Bxh6 Be6 13. Bg5 Nbd7 14. Nf4 c5 15.
c3 Re7 16. Nh5 Nxh5 17. Qxh5 Nf8 18. Bxe7 Qxe7 19. Nf3 Qf6 20. Qg5 Bf4 21. Qxf6
gxf6 22. g3 Bd6 23. Kg2 Kg7 24. Nh4 Bc7 25. f4 Bd7 26. Nf5+ Kh8 27. a4 Ne6 28.
Kf2 a6 29. b4 cxd4 30. cxd4 Re8 31. Bxa6 Ra8 32. Bb7 Rxa4 33. Rxa4 Bxa4 34.
Bxd5 Ng7 35. Nxg7 Kxg7 36. Re7 Bd6 37. Rxf7+ Kg6 38. Rb7 b5 39. Be4+ f5 40. Rb6
fxe4 41. Rxd6+ 1-0

[Event "II Magistral Copa Roggio C"]
[Site "?"]
[Date "2009.07.06"]
[Round "8"]
[White "Florentin, Damaso"]
[Black "Rivarola, Paul"]
[Result "0-1"]
[WhiteElo "1939"]
[BlackElo "1560"]
[PlyCount "64"]
[EventDate "2009.06.28"]
[SourceDate "2009.07.06"]

1. d4 d5 2. Bf4 Bf5 3. c3 e6 4. Qb3 b6 5. Nf3 Nf6 6. e3 Nbd7 7. Bb5 Bd6 8. Bc6
Rb8 9. Nbd2 O-O 10. Ne5 Bxe5 11. dxe5 Nc5 12. Qa3 Nd3+ 13. Ke2 Nxf4+ 14. exf4
Nd7 15. b4 a5 16. Nf3 f6 17. Rhe1 fxe5 18. fxe5 Bg4 19. Bxd7 Qxd7 20. c4 dxc4
21. Kf1 axb4 22. Qxb4 Bxf3 23. gxf3 Qd3+ 24. Kg1 Qxf3 25. Qd2 Rbd8 26. Qe2 Qh3
27. Qxc4 Qf5 28. Re2 c5 29. Rae1 Rd4 30. Qc2 Rg4+ 31. Kf1 Qf3 32. Re3 Qg2+ 0-1

[Event "II Magistral Copa Roggio C"]
[Site "?"]
[Date "2009.07.06"]
[Round "8"]
[White "Vazquez, Guillermo"]
[Black "Saldana, Fernando"]
[Result "1-0"]
[WhiteElo "1837"]
[BlackElo "1835"]
[PlyCount "131"]
[EventDate "2009.06.28"]
[SourceDate "2009.07.06"]

1. e4 d5 2. exd5 Qxd5 3. Nc3 Qe6+ 4. Be2 Qg6 5. Bf3 Nf6 6. d4 c6 7. Nge2 Bg4 8.
Nf4 Bxf3 9. Qxf3 Qf5 10. h3 h5 11. Qe2 Nbd7 12. Nd3 e6 13. Bd2 Bd6 14. O-O-O
O-O-O 15. f4 h4 16. Ne5 Rhf8 17. Rhe1 Nb6 18. Qf2 Qh7 19. Rf1 Be7 20. Nf3 Ne4
21. Nxe4 Qxe4 22. Rfe1 Qd5 23. b3 Qd6 24. Kb1 Nd5 25. Ne5 Nb6 26. Bc1 Qb4 27.
Bb2 Nd5 28. Qf3 Qa5 29. c4 Nb4 30. a3 Na6 31. b4 Qa4 32. Rd3 Nb8 33. d5 Bf6 34.
dxe6 fxe6 35. Qg4 Rfe8 36. Rxd8+ Kxd8 37. f5 Qb3 38. fxe6 Kc7 39. Qf3 Qxf3 40.
Nxf3 Bxb2 41. Kxb2 c5 42. b5 Kd6 43. Ng5 a6 44. a4 Re7 45. Kc3 Kc7 46. Rf1 axb5
47. axb5 b6 48. Rf4 Kd6 49. Rxh4 Ke5 50. Rh8 Kf5 51. h4 Nd7 52. exd7 Rxd7 53.
Rb8 Rd6 54. Rb7 g6 55. Nf7 Re6 56. Nd8 Re3+ 57. Kd2 Re4 58. Kc3 Re3+ 59. Kc2
Re4 60. Rxb6 Rxc4+ 61. Kb3 Rb4+ 62. Kc3 Rxh4 63. Nb7 Rg4 64. Nxc5 Rxg2 65. Rb8
Ke5 66. Rd8 1-0

[Event "II Magistral Copa Roggio C"]
[Site "?"]
[Date "2009.07.07"]
[Round "9"]
[White "Almiron, Antonio"]
[Black "Benitez, Eduardo"]
[Result "1-0"]
[WhiteElo "2083"]
[BlackElo "1471"]
[PlyCount "73"]
[EventDate "2009.06.28"]
[SourceDate "2009.07.07"]

1. e4 b6 2. d4 Bb7 3. Bd3 e6 4. Nf3 c5 5. c3 cxd4 6. cxd4 Bb4+ 7. Nc3 Ne7 8.
O-O h6 9. a3 Bxc3 10. bxc3 O-O 11. Re1 f5 12. exf5 Nxf5 13. Ne5 Nc6 14. Qg4
Nxe5 15. Rxe5 Qh4 16. Bxf5 Qxg4 17. Bxg4 Rf6 18. Bd2 Raf8 19. f4 Rg6 20. Bh3
Bd5 21. g3 d6 22. Ree1 h5 23. Bg2 Bc4 24. Be4 Rgf6 25. a4 h4 26. a5 bxa5 27.
Rxa5 a6 28. Rb1 h3 29. Rb6 d5 30. Bf3 g5 31. Bg4 gxf4 32. Bxf4 Rxf4 33. gxf4
Rxf4 34. Bxe6+ Kg7 35. Bxh3 Rf3 36. Bg2 Rxc3 37. Bxd5 1-0

[Event "II Magistral Copa Roggio C"]
[Site "?"]
[Date "2009.07.07"]
[Round "9"]
[White "Sartori, Sergio"]
[Black "Chang, Suzana"]
[Result "1/2-1/2"]
[WhiteElo "2051"]
[BlackElo "2060"]
[PlyCount "109"]
[EventDate "2009.06.28"]
[SourceDate "2009.07.07"]

1. e4 c5 2. Nc3 e6 3. g3 Nc6 4. Bg2 g6 5. d3 Bg7 6. f4 Nge7 7. Nf3 d5 8. O-O
O-O 9. Re1 d4 10. Nb1 e5 11. Nbd2 Be6 12. Nxe5 Nxe5 13. fxe5 Nc6 14. Nf3 Nxe5
15. Bf4 Nxf3+ 16. Qxf3 Rc8 17. Rad1 g5 18. Bd2 h6 19. e5 Qd7 20. Qe4 Rfe8 21.
Rc1 b6 22. h4 Bf5 23. Qf3 Bg4 24. Qd5 Qxd5 25. Bxd5 Bxe5 26. hxg5 hxg5 27. Bxg5
Bxg3 28. Rf1 Be6 29. Be4 Be5 30. Rce1 Bg7 31. Bf4 f5 32. Bb7 Rcd8 33. Bc7 Kf7
34. Bc6 Rg8 35. Bxd8 Rxd8 36. Bf3 Bh6 37. Kf2 Be3+ 38. Ke2 Kf6 39. Rh1 Rd7 40.
Rh2 Re7 41. Kd1 b5 42. Reh1 Rg7 43. Ke2 Re7 44. Kd1 Rg7 45. Rg2 Re7 46. Rgh2
Rg7 47. Rh7 Rg3 48. Ke2 a5 49. a4 bxa4 50. Ra1 Ke5 51. Rh5 Kf4 52. Rah1 Rg7 53.
R5h4+ Ke5 54. R4h3 Rg8 55. Rh8 1/2-1/2

[Event "II Magistral Copa Roggio C"]
[Site "?"]
[Date "2009.07.07"]
[Round "9"]
[White "Heinichen, John"]
[Black "Perez, Hernan"]
[Result "0-1"]
[WhiteElo "1690"]
[BlackElo "1971"]
[PlyCount "92"]
[EventDate "2009.06.28"]
[SourceDate "2009.07.07"]

1. e4 c5 2. f4 Nc6 3. Nc3 g6 4. Nf3 Bg7 5. Bc4 e6 6. g4 Nge7 7. O-O d5 8. Bd3
c4 9. exd5 exd5 10. Be2 d4 11. Bxc4 dxc3 12. bxc3 Bxg4 13. Bxf7+ Kf8 14. Bb3
Bf6 15. Qe1 Bxf3 16. Qe6 Bd4+ 17. cxd4 Qxd4+ 18. Rf2 Bd5 19. Bxd5 Nxd5 20. f5
Re8 21. Qd6+ Kg7 22. f6+ Nxf6 23. Qxd4 Nxd4 24. Bb2 Nf5 25. Raf1 Rhf8 26. Rf4
Kg8 27. Rb4 b6 28. d4 Ne3 29. Re1 Nxc2 30. Rxe8 Nxe8 31. Rc4 Ne3 32. Rc1 Nd6
33. d5 Nxd5 34. h3 Nf5 35. Kh2 Nfe3 36. Kg3 g5 37. Re1 h5 38. h4 Nf5+ 39. Kh3
g4+ 40. Kh2 Nxh4 41. Kg3 Nf5+ 42. Kh2 g3+ 43. Kg1 Nfe3 44. Bc1 Rf3 45. a4 g2
46. Kh2 Rf1 0-1

[Event "II Magistral Copa Roggio C"]
[Site "?"]
[Date "2009.07.07"]
[Round "9"]
[White "Lipiniks, Leonardo"]
[Black "Vazquez, Guillermo"]
[Result "0-1"]
[WhiteElo "1892"]
[BlackElo "1837"]
[PlyCount "100"]
[EventDate "2009.06.28"]
[SourceDate "2009.07.07"]

1. c4 g6 2. Nc3 Bg7 3. g3 e5 4. Bg2 Ne7 5. e3 O-O 6. Nge2 d6 7. O-O c5 8. d4
Nbc6 9. dxe5 dxe5 10. Nd5 Be6 11. a3 Qd7 12. b3 Rad8 13. Nec3 e4 14. Nxe7+ Qxe7
15. Qc2 f5 16. Bb2 Rd3 17. Rfd1 Rfd8 18. Nd5 Bxd5 19. cxd5 Bxb2 20. Qxb2 R3xd5
21. Rxd5 Rxd5 22. Bf1 Ne5 23. b4 c4 24. Qc3 Qc7 25. a4 a6 26. Rc1 b5 27. axb5
axb5 28. Ra1 Qb7 29. Ra5 Qg7 30. Ra8+ Kf7 31. Ra7+ Rd7 32. Rxd7+ Nxd7 33. Bxc4+
bxc4 34. Qxc4+ Ke7 35. b5 Qb2 36. g4 Qb1+ 37. Kg2 fxg4 38. Qc6 Qb4 39. h3 gxh3+
40. Kxh3 Qd6 41. Qxe4+ Qe6+ 42. Qg4 Nf6 43. Qxe6+ Kxe6 44. Kh4 h6 45. f3 Kd5
46. Kg3 Kc5 47. e4 Kxb5 48. e5 Ne8 49. f4 Ng7 50. Kf3 Kc6 0-1

[Event "II Magistral Copa Roggio C"]
[Site "?"]
[Date "2009.07.07"]
[Round "9"]
[White "Roman, Rodrigo"]
[Black "Chaves, Nicolas"]
[Result "1/2-1/2"]
[WhiteElo "1848"]
[BlackElo "1650"]
[PlyCount "53"]
[EventDate "2009.06.28"]
[SourceDate "2009.07.07"]

1. d4 d5 2. Nf3 Nf6 3. c4 c6 4. g3 e6 5. Bg2 Nbd7 6. O-O Be7 7. b3 O-O 8. Nbd2
b6 9. Bb2 Bb7 10. Qc2 Rc8 11. e4 dxe4 12. Nxe4 c5 13. Nfg5 Nxe4 14. Nxe4 Bxe4
15. Qxe4 Nf6 16. Qe3 cxd4 17. Bxd4 Bc5 18. Bxc5 Rxc5 19. Rad1 Qe7 20. Rd3 Rd8
21. Rfd1 Rxd3 22. Qxd3 Kf8 23. Qf3 Rc8 24. Qd3 Rc7 25. Qc2 Rd7 26. Bc6 Rd6 27.
Bf3 1/2-1/2

[Event "II Magistral Copa Roggio C"]
[Site "?"]
[Date "2009.07.07"]
[Round "9"]
[White "Saldana, Fernando"]
[Black "Moreno, Micaela"]
[Result "1-0"]
[WhiteElo "1835"]
[BlackElo "1554"]
[PlyCount "37"]
[EventDate "2009.06.28"]
[SourceDate "2009.07.07"]

1. e4 c5 2. Nf3 Nc6 3. d4 cxd4 4. Nxd4 Nf6 5. Nc3 e6 6. Nxc6 bxc6 7. Bd3 d5 8.
exd5 cxd5 9. O-O Bd6 10. Bg5 h6 11. Bh4 O-O 12. Qe2 Bd7 13. Rad1 Rb8 14. b3 Qc7
15. Bxf6 Bxh2+ 16. Kh1 gxf6 17. Qh5 Bf4 18. Ne2 Qe5 19. Qg4+ 1-0

[Event "II Magistral Copa Roggio C"]
[Site "?"]
[Date "2009.07.07"]
[Round "9"]
[White "Benitez, Jose"]
[Black "Florentin, Damaso"]
[Result "0-1"]
[WhiteElo "1939"]
[BlackElo "1939"]
[PlyCount "62"]
[EventDate "2009.06.28"]
[SourceDate "2009.07.07"]

1. d4 d5 2. Nf3 Nf6 3. Bf4 Bg4 4. Ne5 Bf5 5. e3 Nbd7 6. Nd2 Nxe5 7. Bxe5 e6 8.
Be2 Bd6 9. g4 Bg6 10. Bg3 h5 11. g5 Ne4 12. Bxd6 Qxd6 13. Nxe4 dxe4 14. c3 h4
15. Qb3 O-O-O 16. O-O-O Qd5 17. c4 Qxg5 18. c5 c6 19. Qa4 Kb8 20. b4 Bh5 21.
Bc4 Bxd1 22. Rxd1 Rc8 23. b5 cxb5 24. Bxb5 Rh5 25. Kb2 Qg2 26. Rd2 Qxh2 27. Rc2
Qc7 28. Be2 Rd5 29. Rc3 h3 30. Ra3 b6 31. Rb3 h2 0-1